Normal view MARC view
  • Hamza Mahmood (329043)

Entry Personal Name

Number of records used in: 1

001 - CONTROL NUMBER

  • control field: 126316

003 - CONTROL NUMBER IDENTIFIER

  • control field: NUST

005 - DATE AND TIME OF LATEST TRANSACTION

  • control field: 20241008123312.0

008 - FIXED-LENGTH DATA ELEMENTS

  • fixed length control field: 241008|| aca||aabn | a|a d

040 ## - CATALOGING SOURCE

  • Original cataloging agency: NUST
  • Transcribing agency: NUST

100 ## - HEADING--PERSONAL NAME

  • Personal name: Hamza Mahmood (329043)

670 ## - SOURCE DATA FOUND

  • Source citation: Work cat.: (NUST): Hamza Mahmood (329043), Nonlinear Adaptive Barrier Integral Super Twisting Sliding Mode Control of Hybrid Energy Systems in Ship DC Microgrid: Modelling, Management, and Experimental Validation /
© 2023 Central Library, National University of Sciences and Technology. All Rights Reserved.